1826 1645 1468 1741 1189 1218 1246 1513 1822 1299 1706 1094 1606 1640 1114 1894 1457 1729 1346 1778 1243 1828 1486 1842 1394 1878 1464 1967 1996 1973 1844 1049 1406 1224 1248 1287 1999 1981 1456 1792 1963 1952 1642 1497 1525 1748 1336 1669 1576 1494 1896 1315 1897 1379 1117 1204 1841 1507 1074 1121 1473 1969 1667 1551 1530 1066 1827 1319 1677 1077 1870 1875 1438 1193 1385 1112 1183 1667 1718 1091 1263 1673 1540 1814 1690 1011 1172 1269 1267 1122 1777 1510 1316 1809 1395 1280 1058 1748 1945 BCNSPRNW ULIB Ver.6.0+V

เปลี่ยนเป็นภาษาไทย

Change to English
 แสดงรายละเอียดบรรณานุกรม
  กลับหน้าหลัก

Brief Record : Get Marc (ISO 2709) : E-mail record : QR code < ปิดหน้าต่าง
LEADER : 00000nam 2200000uu 4500
001    13399122330
003     ULIB
008    130212s2553||||th 000 0 tha d
020    ^a9786165000499
090    ^aนว.^bร147ก
100 0  ^aร่มแก้ว
245 00 ^aกับดักรักลวง/^cร่มแก้ว
250    ^aพิมพ์ครั้งที่ 2
260    ^aกรุงเทพฯ :^bพิมพ์คำ,^c2553
300    ^a339 หน้า
945    ^p240^l0^i028049
995    ^aทศพร
999    ^aเกษร โพธิ์สุวรรณ
รายการนี้ยังไม่มีแท็ก
คุณยังไม่ได้ล็อกอิน คุณสามารถมีกิจกรรมร่วมกับเว็บไซต์ได้ แต่ต้องล็อกอินก่อน ::
  ล็อกอิน

รายการสื่อสารสนเทศ

ลำดับที่ ประเภท เลขเรียก/บาร์โค้ด สถานที่ สถานะ
1. นวนิยาย
นวนิยาย
นว. ร147ก ฉ.1 
  Barcode: 028049
ห้องสมุดวิทยาเขตสวรรค์ประชารักษ์
►นวนิยาย
บนชั้น
  ขอยืม

รายการใกล้เคียง
    ผู้แต่ง [ร่มแก้ว]

BibComment


ยังไม่เคยถูกคอมเมนท์

คอมเมนท์ทรัพยากรรายการนี้
  คอมเมนท์: กับดักรักลวง ร่ม..


 Copyright 2026. Bcnsprnw @Library